Online katalóg knižníc regiónu Turca

Bez viny (Record no. 20707)

MARC details
000 -LEADER
fixed length control field 01797nam a2200493 a 4500
001 - CONTROL NUMBER
control field 20707
003 - CONTROL NUMBER IDENTIFIER
control field VRT
005 - DATE AND TIME OF LATEST TRANSACTION
control field 20260130114357.0
008 - FIXED-LENGTH DATA ELEMENTS--GENERAL INFORMATION
fixed length control field 240318s2005 xo g 010 f slo
015 ## - NATIONAL BIBLIOGRAPHY NUMBER
National bibliography number SNBA2006/07-03942
020 ## - INTERNATIONAL STANDARD BOOK NUMBER
International Standard Book Number 8022013455
Qualifying information (viaz.)
035 ## - SYSTEM CONTROL NUMBER
System control number B9E7AD06-4343-4691-952A-F0833E6EB827
035 ## - SYSTEM CONTROL NUMBER
System control number urn:nbn:sk:snk-amlcjh
035 ## - SYSTEM CONTROL NUMBER
System control number urn:nbn:sk:snk-am0091cv
039 #9 - LEVEL OF BIBLIOGRAPHIC CONTROL AND CODING DETAIL [OBSOLETE]
Level of rules in bibliographic description 202407241633
Level of effort used to assign nonsubject heading access points AUTHORITY
Level of effort used to assign subject headings 202403181432
Level of effort used to assign classification VLOAD
Level of effort used to assign subject headings 202206141243
Level of effort used to assign classification msnk170
Level of effort used to assign subject headings 201810100758
Level of effort used to assign classification msvkbb04
040 ## - CATALOGING SOURCE
Original cataloging agency SNK
Language of cataloging slo
Transcribing agency SNK
Description conventions AACR2
041 1# - LANGUAGE CODE
Language code of text/sound track or separate title slo
Language code of original eng
044 ## - COUNTRY OF PUBLISHING/PRODUCING ENTITY CODE
MARC country code xo
ISO country code SK
072 #7 - SUBJECT CATEGORY CODE
Subject category code 821.111(73)-3
Subject category code subdivision Americká próza
Source konspekt
080 ## - UNIVERSAL DECIMAL CLASSIFICATION NUMBER
Universal Decimal Classification number 821.111(73)-31
Edition identifier 2011
080 ## - UNIVERSAL DECIMAL CLASSIFICATION NUMBER
Universal Decimal Classification number (0:82-312.4)
Edition identifier 2011
100 1# - MAIN ENTRY--PERSONAL NAME
Personal name MacDonald, Patricia J.,
Dates associated with a name 1949-
Relationship aut
240 10 - UNIFORM TITLE
Uniform title Not guilty
Language of a work Slovensky
245 10 - TITLE STATEMENT
Title Bez viny
Statement of responsibility, etc. Patricia MacDonaldová ; [z anglického originálu ... preložila Anna Pokorná]
250 ## - EDITION STATEMENT
Edition statement [1.] slov. vyd.
260 ## - PUBLICATION, DISTRIBUTION, ETC.
Place of publication, distribution, etc. Bratislava
Name of publisher, distributor, etc. Slovenský spisovateľ
Date of publication, distribution, etc. c 2005
300 ## - PHYSICAL DESCRIPTION
Extent 320 s.
Dimensions 21 cm
490 1# - SERIES STATEMENT
Series statement Zelená knižnica
655 #7 - INDEX TERM--GENRE/FORM
Genre/form data or focus term americké romány
Source of term SNKPH
655 #7 - INDEX TERM--GENRE/FORM
Genre/form data or focus term detektívne romány
Source of term SNKPH
655 #7 - INDEX TERM--GENRE/FORM
Genre/form data or focus term American novels
Source of term SNKPHeng
655 #7 - INDEX TERM--GENRE/FORM
Genre/form data or focus term Detective novels
Source of term SNKPHeng
700 1# - ADDED ENTRY--PERSONAL NAME
Personal name Pokorná, Anna
Titles and other words associated with a name (prekladateľka)
Relationship trl
830 #0 - SERIES ADDED ENTRY--UNIFORM TITLE
Uniform title Zelená knižnica
910 ## - USER-OPTION DATA (OCLC)
User-option data bpksh
942 ## - ADDED ENTRY ELEMENTS (KOHA)
Source of classification or shelving scheme Dewey Decimal Classification
Koha item type Krásna literatúra pre dospelých
Suppress in OPAC No
949 ## - LOCAL PROCESSING INFORMATION (OCLC)
6 4710700347
a strmkB
b strmk2008/347
949 ## - LOCAL PROCESSING INFORMATION (OCLC)
6 17A0493132
a snkSC 121940
b snk2005/20974
o 2319/05
s 6100:20151208
949 ## - LOCAL PROCESSING INFORMATION (OCLC)
6 3869A00832
a bpksh821.111(73)-31
b bpksh53912
949 ## - LOCAL PROCESSING INFORMATION (OCLC)
6 17A0494594
a snkSC 121940 D1
b snk2006/1030
o 2319/05
949 ## - LOCAL PROCESSING INFORMATION (OCLC)
6 3869A06820
a bpksh821.111(73)-31
b bpksh53155
949 ## - LOCAL PROCESSING INFORMATION (OCLC)
6 270001000591897
a svkbbA 155346
b svkbbm 779040
Holdings
Stav vyradenia Strata Poškodenie Spôsob nadobudnutia Domovská knižnica Aktuálna knižnica Dátum nadobudnutia Total checkouts Čiarový kód exemplára Date last seen Typ exemplára
      Dar Obecná knižnica Horná Štubňa Obecná knižnica Horná Štubňa 30.01.2026   9788022013451 30.01.2026 Krásna literatúra pre dospelých
Projekt je podporený Slovenskou asociáciou knižníc
Prevádzkuje Turčianska knižnica Martin 2026